Similitudes in the Holy Quran (Record no. 20194)

MARC details
000 -LEADER
fixed length control field 00322nam a22001337a 4500
020 ## - INTERNATIONAL STANDARD BOOK NUMBER
ISBN 8172318180
082 ## - DEWEY DECIMAL CLASSIFICATION NUMBER
Classification number 297.1227 ABD
100 ## - MAIN ENTRY--AUTHOR NAME
Author name Abdul Rahim, Mohammad
245 ## - TITLE STATEMENT
Title Similitudes in the Holy Quran
260 ## - PUBLICATION, DISTRIBUTION, ETC. (IMPRINT)
Place of publication New Delhi
Name of publisher Islamic Book Service
Year of publication 2008
300 ## - PHYSICAL DESCRIPTION
Number of Pages 195
650 ## - SUBJECT ADDED ENTRY--TOPICAL TERM
Topical Term Quran-Hermanutics
942 ## - ADDED ENTRY ELEMENTS (KOHA)
Koha item type Books
Holdings
Home library Current library Date acquired Cost, normal purchase price Full call number Accession Number Koha item type
Henry Martyn Institute Library Henry Martyn Institute Library 01/31/2017 125.00 297.1227 ABD 24760 Books
                   Copyright © 2026 | Henry Martyn Institute | Hyderabad | TS-500052 | INDIA | Implemented by hmi.edu.in
Hit-Count:

Powered by Koha